| 000 | 00397cam a2200169ua 4500 | ||
|---|---|---|---|
| 020 | _c1.95 | ||
| 041 |
_aeng _h |
||
| 082 |
_a331.125 _bCUL/FU |
||
| 100 | _aJ.M. Calberston, Calberston . | ||
| 245 | _aFull employment of stagenation | ||
| 260 |
_a : _bMc Graw- Hill book company , _c1965. |
||
| 300 | _a252 ; . | ||
| 365 | _a1.95 | ||
| 504 | _a | ||
| 942 | _cBK | ||
| 999 |
_c11179 _d11179 |
||